| 000 | 00450nam a2200181 4500 | ||
|---|---|---|---|
| 020 | _a9789348164896 | ||
| 082 |
_aM 494.812 014 _bSHY/V |
||
| 100 | _aShylaja T G | ||
| 245 |
_aVakkukal vakkukal/ _cby Shylaja T G |
||
| 260 |
_aS.L: _bShylaja T G, _c2025. |
||
| 300 | _a110p. | ||
| 650 | _aWords Malayalam Study | ||
| 650 | _aLinguistics Malayalam | ||
| 650 | _aLinguistics | ||
| 650 | _aLanguage Malayalam | ||
| 650 | _aLanguage | ||
| 942 | _cBK | ||
| 999 |
_c181923 _d181923 |
||